000
00267nam a22000857a 4500
008
260427b ||||| |||| 00| 0 eng d
100
_a
Petersham, Maud and Miska
245
_a
American Stamps
_b
The Story of One Hundred Years of U.S. Postage Stamps
650
_a
American Stamps
999
_c
3710
_d
3710